000 00911nam a2200229 a 4500
001 000024089
005 20200930022717.0
008 110118s1972 mx a 000 0 spa d
040 _aDO-SdBNP
_bspa
_cBNPHU
041 1 7 _aspa
_heng
_2Código de idiomas MARC
082 _ann*
_bnn*
100 1 _aLongrée, Karla.
_949488
240 1 0 _aSanitary techniques in food service.
_lEspañol
245 1 0 _aTécnicas sanitarias en el manejo de los alimentos /
_cKarla Longrée y Gertrude G. Blaker ; traducción de José Rafael Blengio.
260 _aMéxico, D. F. :
_bCentro Regional de Ayuda Técnica. Angencia para el Desarrollo Internacional,
_c1972.
300 _a316 p. :
_bil. ;
_c21 cm.
534 _aTítulo de la obra en inglés :
_tSanitary techniques in food service
500 _aIncluye índice.
700 1 _aBlaker, Gertrude G.
_949489
700 1 _aBlengio, José Rafael,
_etr.
_949490
049 _aBNGR
999 _c23584
_d23584